| 000 | 00763nam a22002417a 4500 | ||
|---|---|---|---|
| 005 | 20170124105941.0 | ||
| 010 | _aA-599954 | ||
| 020 | _c175.00 | ||
| 035 | _aA-599954 | ||
| 037 | _bCen Lib/Ret | ||
| 040 |
_aDPL _bEN |
||
| 082 |
_a270 _bMOH |
||
| 100 |
_aMohammad Yahya Tamizi _911344 |
||
| 245 |
_aSufi movement in eastern india / _cby Mohammad Yahya Tamizi |
||
| 260 |
_aDelhi _bIdarah-I Adabiyat-I Delli _c1992 |
||
| 270 |
_bDelhi _a2009, qasimjan street _e110006 |
||
| 300 |
_axxi, 199p. _c20cm(Hb) |
||
| 490 | _aI.A.D. Religio-philosophy (original) series no. -24 | ||
| 500 | _aIncludes bibliographical references and index | ||
| 650 |
_aIslam _95289 |
||
| 650 |
_aSufi movement _zIndia _911345 |
||
| 942 |
_2ddc _cEN _h270 _mMOH |
||
| 999 |
_c124606 _d124606 |
||